000 nam a22 7a 4500
999 _c10313
_d10313
008 180213b ||||| |||| 00| 0 eng d
100 _aJoseph, B
_96275
245 _aConnect with computer -I
260 _aNew Delhi
_c2013